| 000 | 00453nam a22001337a 4500 | ||
|---|---|---|---|
| 082 | _aP-590 | ||
| 100 |
_aMuhammad Asif Bangash. _947646 |
||
| 245 |
_aCampus planning of MCE and web based GIS application for online camplaint and information system of risalpur/ _bMuhammad Asif Bangash, Muhammad Naveed Abbas. |
||
| 260 | _aMCE | ||
| 526 |
_a0 _b0 _c0 _dP_590 |
||
| 650 | _aProject. | ||
| 700 |
_aDr Muhammad Maqbool Sadiq Awan. _934724 |
||
| 942 |
_2ddc _cBK |
||
| 999 |
_c550825 _d550825 |
||